Faculty of Law Library — Cairo University

Official Online Catalog

The Code of Criminal Procedure & The Law for Enforcement of the Code of Criminal Procedure of Japan. (Record no. 72506)

MARC details
000 -LEADER
fixed length control field 01081nam a2200325 i 4500
003 - CONTROL NUMBER IDENTIFIER
control field EG-GICUC
005 - DATE AND TIME OF LATEST TRANSACTION
control field 20260420215129.0
008 - FIXED-LENGTH DATA ELEMENTS--GENERAL INFORMATION
fixed length control field 260420s1948 ja ||||f |||| 00| 0 eng d
040 ## - CATALOGING SOURCE
Original cataloging agency EG-GiCUC
Language of cataloging eng
Transcribing agency EG-GiCUC
Modifying agency EG-GiCUC
Description conventions rda
041 ## - LANGUAGE CODE
Language code of text/sound track or separate title eng
082 04 - DEWEY DECIMAL CLASSIFICATION NUMBER
Edition number 21
Classification number 343.3
092 04 - LOCALLY ASSIGNED DEWEY CALL NUMBER (OCLC)
Edition number 21
099 ## - LOCAL FREE-TEXT CALL NUMBER (OCLC)
Classification number Law1 10 343.3 CO . D 1948 B1010093 C1
245 04 - TITLE STATEMENT
Title The Code of Criminal Procedure & The Law for Enforcement of the Code of Criminal Procedure of Japan.
246 1# - VARYING FORM OF TITLE
Title proper/short title 刑事訴訟法
264 ## - PRODUCTION, PUBLICATION, DISTRIBUTION, MANUFACTURE, AND COPYRIGHT NOTICE
Place of production, publication, distribution, manufacture Tokyo :
Name of producer, publisher, distributor, manufacturer Eibun-horei-sha,
Date of production, publication, distribution, manufacture, or copyright notice 1948
300 ## - PHYSICAL DESCRIPTION
Extent 113 pages ;
Dimensions 24 cm.
336 ## - CONTENT TYPE
Source rda content
Content type term text
337 ## - MEDIA TYPE
Source rda media
Media type term Computer
338 ## - CARRIER TYPE
Source rda carrier
Carrier type term Online Resource
490 ## - SERIES STATEMENT
Series statement EHS Law Bulletin Series ;
Volume/sequential designation Vol. II
490 ## - SERIES STATEMENT
Series statement The Code of Criminal Procedure ;
Volume/sequential designation Law no. 131
500 ## - GENERAL NOTE
General note Under Authorization of the Ministry of Justice.
546 ## - LANGUAGE NOTE
Language note Text in English
650 1# - SUBJECT ADDED ENTRY--TOPICAL TERM
Topical term or geographic name entry element Law of criminal procedure
Source of heading or term qrmak
651 1# - SUBJECT ADDED ENTRY--GEOGRAPHIC NAME
Source of heading or term qrmak
856 40 - ELECTRONIC LOCATION AND ACCESS
Uniform Resource Identifier <a href="https://fll.law.cu.edu.eg/fulltext/bks/B1010093.pdf">https://fll.law.cu.edu.eg/fulltext/bks/B1010093.pdf</a>
905 ## - Cataloger and Reviser Names
Cataloger Name: Nora Khalil
942 ## - ADDED ENTRY ELEMENTS (KOHA)
Source of classification or shelving scheme Dewey Decimal Classification
Koha item type Books
Edition 21
Suppress in OPAC No
Holdings
Withdrawn status Lost status Source of classification or shelving scheme Damaged status Not for loan Collection Home library Current library Date acquired Total checkouts Full call number Barcode Date last seen Price effective from Koha item type
    Dewey Decimal Classification   Not for loan القانون الجنائي جــــامعة القــاهرة مكتبة كلية الحقوق - المبنى الرئيسي 20.04.2026   Law1 10 343.3 CO . D 1948 B1010093 C1 B10-10093 20.04.2026 20.04.2026 Books

© All rights reserved — Faculty of Law, Cairo University